Godzilla Kaiju by Name - Statistics

General Stats
  • This quiz has been taken 113 times
  • The average score is 19 of 24
Answers on the Grid
Answers color-coded by a green-red scale on the quiz's grid according to % correct below.
Godzilla
Knifehead
Mothra
Anguirus
Slattern
Rodan
Kumonga
Barugon
Zigra
King Ghidorah
Viras
Leatherback
Gorosaurus
Orga
Trespasser
Jet Jaguar
Hammerjaw
Mechagodzilla
Zedus
King Caesar
Titanosaurus
Guiron
Space Godzilla
Biollante
Battra
Legion
Destoroyah
Clawhook
Gigan
Megalon
Iris
Megaguirus
King Kong
Baragon
Gamera
Gyaos
Ebirah
Jiger
Kamacuras
MUTO
 
Answer Stats
Answer % Correct
Godzilla
94%
Mothra
93%
Anguirus
90%
King Ghidorah
89%
Rodan
89%
Destoroyah
83%
Gigan
83%
Jet Jaguar
83%
Mechagodzilla
83%
Space Godzilla
83%
Biollante
81%
King Kong
81%
Megalon
81%
Battra
79%
Kumonga
78%
Megaguirus
78%
MUTO
76%
King Caesar
75%
Titanosaurus
75%
Orga
74%
Gorosaurus
71%
Ebirah
65%
Baragon
63%
Kamacuras
56%
No matching quizzes found
Score Distribution
Percent of People with Each Score
Percentile by Number Answered
Your Score History
You have not taken this quiz